01714nam a22003491ib4500003000400000005001700004008004100021020003800062040002500100082001700125090002100142100003200163245003600195264004200231264001100273300005200284336002100336336002800357337002500385338002300410490001900433500002000452505022000472520043100692521001601123650003701139800003901176830003401215942001301249999001901262952008301281OSt20200517084721.0200513t20192019nyubo j 001 0 eng d a9781489677228qhardbackcRM121.45 aPPAKbengcPPAKerda04a362.418322300a362.4183bLAUdK1 aLaughlin, Kara L.,eauthor.10aGuide Dogs /cKara L. Laughlin. 1aNew York, NY :bAV2 by Weigl,c[2019] 4c©2019 a24 pages :bchiefly colour photographs ;c26 cm 2rdacontentatext 2rdacontentastill image 2rdamediaaunmediated 2rdacarrieravolume1 aDogs with jobs aIncludes index. aIt started with a buddy -- Guide dogs for the blind -- Guide dogs for the deaf -- Guide dogs for others -- Learning to lead -- Nellie, the hearing dog hero -- What makes a good guide dog? -- Minding manners -- Quiz. a"Did you know that seizure-alert dogs are one of only a few types of service dogs given to children? Some seizure dogs even go to school with their owners. Learn more about the work these dogs do in Seizure-Alert Dogs, a title in the Dogs with Jobs series. Each title in this series profiles a specific type of working dog, showcasing the role it performs and the training required to get the job done"cPublisher description. aGrades 4-6. 0aGuide dogsvJuvenile literature. aLaughlin, Kara L. tDogs with jobs 0aDogs with jobs (AV2 by Weigl) 2ddccAVB c177149d177149 0070bPPAKcKd2020-06-11oK 362.4183 LAUpA01642268r2020-06-11 00:00:00yAVB